<?xml version="1.0" encoding="UTF-8"?>
<record
    xmlns:xsi="http://www.w3.org/2001/XMLSchema-instance"
    xsi:schemaLocation="http://www.loc.gov/MARC21/slim http://www.loc.gov/standards/marcxml/schema/MARC21slim.xsd"
    xmlns="http://www.loc.gov/MARC21/slim">

  <leader>01461cam a22003131  4500</leader>
  <controlfield tag="001">32800</controlfield>
  <controlfield tag="003">BD-RjUL</controlfield>
  <controlfield tag="005">20211209051909.0</controlfield>
  <controlfield tag="008">140428t1958    fr            000 0 fre d</controlfield>
  <datafield tag="035" ind1=" " ind2=" ">
    <subfield code="a">(BD-RjUL)32890</subfield>
  </datafield>
  <datafield tag="035" ind1=" " ind2=" ">
    <subfield code="a">(OCoLC)6967785</subfield>
  </datafield>
  <datafield tag="040" ind1=" " ind2=" ">
    <subfield code="a">DLC</subfield>
    <subfield code="c">OCl</subfield>
    <subfield code="d">DLC</subfield>
    <subfield code="d">BD-RjUL</subfield>
    <subfield code="b">eng</subfield>
  </datafield>
  <datafield tag="041" ind1="1" ind2=" ">
    <subfield code="a">fre</subfield>
    <subfield code="h">per</subfield>
  </datafield>
  <datafield tag="082" ind1="0" ind2="4">
    <subfield code="a">297.61</subfield>
    <subfield code="b">TAC 1958</subfield>
  </datafield>
  <datafield tag="100" ind1="0" ind2=" ">
    <subfield code="a">&#x1E6C;abar&#x12B;,</subfield>
    <subfield code="d">838?-923.</subfield>
    <subfield code="9">99329</subfield>
  </datafield>
  <datafield tag="245" ind1="0" ind2="0">
    <subfield code="a">Chronique de Abou Djafar-Mo&#x2BB;hammed-ben Djarir-ben-Yezid Tabari /</subfield>
    <subfield code="c">traduite sur la version persane d'Abou Ali-Mo&#x2BB;hammed Bel&#x2BB;ami, d'apr&#xE8;s les manuscrits de Paris, de Gotha, de Londres et de Canterbury, par Hermann Zotenberg ...</subfield>
  </datafield>
  <datafield tag="260" ind1=" " ind2=" ">
    <subfield code="a">Paris :</subfield>
    <subfield code="b">Editions besson et Chantemerle,</subfield>
    <subfield code="c">1958</subfield>
  </datafield>
  <datafield tag="300" ind1=" " ind2=" ">
    <subfield code="a">viii, 598 p. ;</subfield>
    <subfield code="c">22 cm.</subfield>
  </datafield>
  <datafield tag="500" ind1=" " ind2=" ">
    <subfield code="a">Imprint varies. Vol. 3: Paris, Imprimerie nationale; v. 4: Nogent-le-Rotrou, Imprimerie de A. Gouverneur.</subfield>
  </datafield>
  <datafield tag="500" ind1=" " ind2=" ">
    <subfield code="a">Printed for the Oriental translation fund of Great Britain and Ireland and sold at the R. Asiatic society's house.</subfield>
  </datafield>
  <datafield tag="500" ind1=" " ind2=" ">
    <subfield code="a">An abridgment of al-&#x1E6C;abar&#x12B;'s Annals, without the long citations of authorities and with one only of the various accounts relating to the same event.</subfield>
  </datafield>
  <datafield tag="650" ind1=" " ind2="0">
    <subfield code="a">World history</subfield>
    <subfield code="v">Early works to 1800.</subfield>
    <subfield code="9">99330</subfield>
  </datafield>
  <datafield tag="651" ind1=" " ind2="0">
    <subfield code="a">Orient</subfield>
    <subfield code="x">History.</subfield>
    <subfield code="9">95689</subfield>
  </datafield>
  <datafield tag="700" ind1="2" ind2=" ">
    <subfield code="a">Muhammed ibn Muhammad, Ab&#x16B; &#x2BB;Ali,</subfield>
    <subfield code="c">Bel&#x2BB;am&#x12B;.</subfield>
    <subfield code="9">99740</subfield>
  </datafield>
  <datafield tag="700" ind1="1" ind2=" ">
    <subfield code="a">Zotenberg, Hermann,</subfield>
    <subfield code="d">1836-1894,</subfield>
    <subfield code="e">tr.</subfield>
    <subfield code="9">99332</subfield>
  </datafield>
  <datafield tag="942" ind1=" " ind2=" ">
    <subfield code="2">ddc</subfield>
    <subfield code="c">BK</subfield>
  </datafield>
  <datafield tag="999" ind1=" " ind2=" ">
    <subfield code="c">32800</subfield>
    <subfield code="d">32800</subfield>
  </datafield>
  <datafield tag="952" ind1=" " ind2=" ">
    <subfield code="0">0</subfield>
    <subfield code="1">0</subfield>
    <subfield code="2">ddc</subfield>
    <subfield code="4">0</subfield>
    <subfield code="7">1</subfield>
    <subfield code="8">NFIC</subfield>
    <subfield code="a">RUCL</subfield>
    <subfield code="b">RUCL</subfield>
    <subfield code="c">Reading</subfield>
    <subfield code="d">1963-02-19</subfield>
    <subfield code="e">zeithinger</subfield>
    <subfield code="g">18.25</subfield>
    <subfield code="l">0</subfield>
    <subfield code="o">297.61 TAC V-1 1958</subfield>
    <subfield code="r">2014-04-28 00:00:00</subfield>
    <subfield code="t">C-1</subfield>
    <subfield code="w">2021-12-09</subfield>
    <subfield code="y">BK</subfield>
  </datafield>
</record>
